000
00267nam a2200121Ia 4500
003
GCL
008
140319s9999 xx 000 0 ara d
040
_a
GCL /
_c
GCL
082
0
4
_a
910.1
_b
ن ح
245
1
0
_a
نظرات حول الجزائر
300
_a
108
490
_a
999
_c
37920
_d
37920